000 00634nam a2200193Ia 4500
008 151121s9999||||xx |||||||||||||| ||und||
082 _a814/कानडे
082 _bHNW-114309
100 _aकानडे लहू
245 _aआम्ही हिंदुस्थानी
260 _b"लोकवाङमय गृह, मुंबई।"
260 _c2013
300 _a116
600 _aकानडे लहू
630 _aआम्ही हिंदुस्थानी
700 _aकानडे लहू
730 _aआम्ही हिंदुस्थानी
942 _cBOOK
999 _c1263317
_d1263314